[Event "Hurtigskak-DM under 1900 2016"]
[Site "Fredericia"]
[Date "2016.09.25"]
[Round "7"]
[White "Marthedal, Anton Mehmet Yildiz"]
[Black "Poulsen, Peter Risgaard"]
[Result "1-0"]
[WhiteElo "1853"]
[BlackElo "1886"]
[PlyCount "61"]
[EventDate "2016.??.??"]

1. d4 Nf6 2. Nf3 e6 3. Bg5 Be7 4. e3 b6 5. Bd3 Bb7 6. O-O h6 7. Bh4 g5 8. Bg3
d6 9. Qe2 g4 10. Nfd2 h5 11. Bh4 Nd5 12. Bxe7 Qxe7 13. a3 Nd7 14. c4 N5f6 15.
Nc3 h4 16. e4 e5 17. dxe5 Nxe5 18. Nd5 Bxd5 19. cxd5 O-O-O 20. a4 Nh5 21. a5
Nf4 22. Ba6+ Kb8 23. Qb5 Nf3+ 24. Nxf3 gxf3 25. Qc6 Ne2+ 26. Bxe2 Qd7 27. Qxd7
Rxd7 28. Bxf3 Re7 29. axb6 cxb6 30. Rac1 a5 31. Rc6 1-0

[Event "Hurtigskak-DM under 1900 2016"]
[Site "Fredericia"]
[Date "2016.09.25"]
[Round "7"]
[White "Hamborg, Leif"]
[Black "Rosenberg, Jan"]
[Result "1/2-1/2"]
[WhiteElo "1729"]
[BlackElo "1832"]
[PlyCount "40"]
[EventDate "2016.??.??"]

1. e4 c5 2. Nf3 d6 3. d4 cxd4 4. Nxd4 Nf6 5. Nc3 a6 6. a4 e5 7. Nf3 Be6 8. Be2
Be7 9. O-O O-O 10. Ng5 Bd7 11. f4 Nc6 12. Nd5 Nxd5 13. exd5 Nd4 14. c3 Nxe2+
15. Qxe2 exf4 16. Nf3 Re8 17. Bxf4 Bf6 18. Qd3 g6 19. Bh6 Bf5 20. Qd2 Bg7
1/2-1/2

[Event "Hurtigskak-DM under 1900 2016"]
[Site "Fredericia"]
[Date "2016.09.25"]
[Round "7"]
[White "Petersen, Jakob"]
[Black "Ladefoged, Simon Degnbol"]
[Result "1-0"]
[WhiteElo "1722"]
[BlackElo "1790"]
[PlyCount "39"]
[EventDate "2016.??.??"]

1. b4 Nf6 2. Bb2 e6 3. a3 d5 4. e3 b6 5. c4 Bb7 6. Nf3 Be7 7. Qc2 Nbd7 8. Nc3
O-O 9. h4 c5 10. cxd5 Nxd5 11. b5 N7f6 12. Ng5 h6 13. Nxd5 exd5 14. Bxf6 g6 15.
Bxe7 Qxe7 16. Nf3 d4 17. Bc4 dxe3 18. Qxg6+ Kh8 19. Qxh6+ Kg8 20. fxe3 1-0